000 00673nam a22002417a 4500
001 BR2800020
003 BR-BrBNA
005 20230928082837.0
007 ta
008 230509b bl.||||| |||| 00| 0 por d
040 _aBR-BrBNA
_bpor
_cBiblioteca Nacional de Agricultura
041 _a(Por)
072 _aE15
_b/G514
090 _ E15 BR2800020
100 1 _aBritto, J.S.
245 1 _aDa cooperacao proletaria a capitalistica... [Cooperativa de produtores; Brasil]
260 3 _aRio de Janeiro, GB (Brasil):
_c1928.
300 _a20 p.
650 _aMicroeconomia
650 _aCooperativa de produtores
909 _a202309
_bLucia
_c55
_dLucia Elande
942 _cBK
999 _c10223
_d10223